| 000 | 00539nam a2200157Ia 4500 | ||
|---|---|---|---|
| 008 | 230907s9999||||xx |||||||||||||| ||und|| | ||
| 082 |
_a662.6 _bALI |
||
| 100 |
_aMuhammad Ali Uzair (NUST-2012-60712-MCES-64112-F) _9116273 |
||
| 245 | 0 | _aSynthesis and characterization of catalyst for liquid fuel production from polymer waste / | |
| 260 |
_aUSPCAS-E, NUST, _bIslamabad : _c2014 |
||
| 300 | _axii, 58 pages. | ||
| 520 | _aTH-7 | ||
| 650 |
_aMS-ESE Thesis MS Thesis _9116274 |
||
| 700 |
_aShahid Hussain Ansari _928893 |
||
| 942 |
_cTHE _2ddc |
||
| 999 |
_c601686 _d601686 |
||